000 00516nam a2200157 i 4500
001 48900
003 ES-MaACL
005 20230906161837.0
007 t|
008 030702s1973 sp ||||1| spa d
100 1 _aCórdoba y del Amo, Juan Manuel.
_940554
245 1 0 _aAnálisis crítico y movimiento de base en la pastoral rural /
_cpor Juan Manuel Córdoba y del Amo.
260 _aValencia :
_bComercial Editora de Publicaciones,
_c[1973]
300 _a252 p. ;
_c21 cm.
852 _aES-MaACL
_jC-47373
_bR.82359
999 _c48900
_d48900